Statistiken für Länder, die Guinea-Bissau am nächsten liegen - 15-Sekunden-Sprint

Klicken Sie hier um das Quiz zu spielen!

Allgemein

  • Dieses Quiz wurde 20 mal gespielt
  • Das Durchschnittsergebnis liegt bei 6 aus 20

Antwortstatistiken

kmLand% Korrekt
0Guinea
81%
0Senegal
81%
61Gambia
63%
208Mali
56%
249Sierra Leone
50%
1188Ghana
44%
1668Marokko
38%
519Liberia
31%
1586Benin
25%
900Burkina Faso
25%
1479Togo
25%
637Côte d'Ivoire
19%
280Mauretanien
19%
1511Niger
19%
1657Algerien
13%
2225Portugal
13%
1674Spanien
13%
758Cabo Verde
6%
1832Nigeria
6%
921Westsahara
6%

Verteilung der Resultate

Perzentil nach korrekt beantworteten Fragen

Anzahl Personen mit jedem Resultat

Ihre Resultats-Entwicklung

Sie haben dieses Quiz noch nicht gespielt